000 00540nam a2200169 i 4500
001 163585
003 ES-MaACL
005 20230906212754.0
008 050714s1881 sp | |||||||| ||spa d
040 _aCAM
_bspa
_cCAM
100 1 _aRivas, J.C. de.
_9131859
245 1 0 _aGuzman de Lara
_b: leyenda /
_cJ.C. de Rivas.
260 _aCadiz :
_b[s.n.],
_c1881 (
_fImprenta Ibérica, F. de Arjona)
300 _a28 p. ;
_c20 cm.
752 _aEspaña -
_dCádiz
852 _aES-MaACL
_jT-420-F-19
_z-- Enc. hol.
_z-- Enc. en un vol. facticio
999 _c163585
_d163585